00822nam a2200229 a 450000100060000000300090000600800410001502000150005604000280007108200170009910000600011624500640017626000660024030000160030649000810032250000310040365000290043465000450046365000310050865000420053965000110058110052CO-ViMGA141112s2004 ck r 000 u spa d a9586430006 aCO-ViMGAbspacCO-ViMGA04a986.04 C65s21 aOcampo López ; Javier; Francisco de Paula Santander, 10aSantander y el Congreso de 1825 : bActas y correspondencia aBogotá : bFundación Francisco de Paula Santander, c1989 a415p. : il. aBiblioteca de la Presidencia de la República Administracion Virgilio Barco aTomos I, II, III, IV, V. 14aCAMARA DE REPRESENTANTES14aCOLOMBIA - ADMINISTRATIVA PUBLICA - 182514aCOLOMBIA - HISTORIA - 182514aCOLOMBIA - Política Y GOBIERNO 182514aSENADO